000 00386nam a2200133 i 4500
001 bg
100 1 _aSZYMSKI, Adam.
245 0 0 _aPowstanie i rozwój architektury współczesnej :
_bmateriały pomocniczne do ćwiczeń i seminariów.
_nCz. 1 /
_cAdam Szymski.
260 _aSzczecin,
_c1989.
040 _cBPK
041 _apol
942 _cKS
008 s pl f |000 0 pol
999 _c4046
_d4046
856 _uhttp://koha.tu.koszalin.pl/cgi-bin/koha/opac-detail.pl?biblionumber=4046
_yKatalog online BPK